000 00381 a2200145 4500
001 58698
020 _a8570263244
040 _cAnchieta - Pituba
240 1 0 _aEnciclopédia Mirador internacional
_lpor
245 1 0 _aEnciclopédia Mirador internacional
300 _a
362 0 _a1995
650 4 _aObras enciclopédicas gerais de línguas espanhola e portuguesa
942 _cBK
999 _c58698
_d58698